Palindromic Pokémon - Statistics

General Stats
  • This quiz has been taken 16 times
  • The average score is 3 of 5
Answer Stats
Pokémon Name % Correct
Girafarig
85%
Farigiraf
77%
Eevee
62%
Ho-Oh
54%
Alomomola
31%
No matching quizzes found
Score Distribution
Percent of People with Each Score
Percentile by Number Answered
Your Score History
You have not taken this quiz